00458nam a2200169Ia 450000500170000000800410001702000290005804000190008704100120010608200110011824500680012926000290019730000110022665000210023770000200025885000100027820230622104354.0131103s9999 xx 000 0 und d a1-84119-505-7cRs.149.00 aLoreto College aEnglish aFbASH 4aThe Mammoth book of Egyptian whodunnits.cEdited by Mike Ashley aLondon.bRobinson.c2002 a496p.  aEnglish fiction. aAshley,Mike,ed. aLCLIB